| 000 | 01476cam a2200301 a 4500 | ||
|---|---|---|---|
| 999 |
_c8616 _d8616 |
||
| 001 | 14616011 | ||
| 003 | GBCCL | ||
| 005 | 20241126110654.0 | ||
| 008 | 061030s2007 ilu b 101 0 eng | ||
| 010 | _a 2006035949 | ||
| 020 | _a9781581348286 (hc : alk. paper) | ||
| 040 |
_aDLC _cDLC _dDLC |
||
| 050 | 0 | 0 |
_aBV4211.3 _b.P735 2007 |
| 082 | 0 | 0 |
_a251 _222 _bPRE |
| 245 | 0 | 0 |
_aPreaching the cross / _cMark Dever ... [et al.] ; contributions by John MacArthur, John Piper, R. C. Sproul. |
| 260 |
_aWheaton, Ill. : _bCrossway Books, _cc2007. |
||
| 300 |
_a176 p. ; _c24 cm. |
||
| 504 | _aIncludes bibliographical references and indexes. | ||
| 505 | 0 | _aA real minister : 1 Corinthians 4 -- Preaching Christ from the Old Testament -- Preaching with the culture in view -- The center of Christian preaching : justification by faith -- Preaching as expository exultation for the glory of God -- The pastor's priorities : watch your life and doctrine -- Why I still preach the Bible after 40 years of ministry. | |
| 630 | 0 | 0 |
_aBible _xHomiletical use _vCongresses. _915204 |
| 650 | 0 |
_aPreaching _vCongresses. _915205 |
|
| 650 | 0 |
_aPastoral theology _vCongresses. _915206 |
|
| 700 | 1 |
_aDever, Mark. _915207 |
|
| 856 | 4 | 1 |
_3Table of contents only _uhttp://www.loc.gov/catdir/toc/ecip074/2006035949.html |
| 906 |
_a7 _bcbc _corignew _d1 _eecip _f20 _gy-gencatlg |
||
| 942 |
_2ddc _cBK |
||